| 000 | 00936nam a22002897a 4500 | ||
|---|---|---|---|
| 001 | BR2014002015 | ||
| 003 | BR-BrBNA | ||
| 005 | 20230928104423.0 | ||
| 007 | ta | ||
| 008 | 230509b bl.||||| |||| 00| 0 por d | ||
| 040 |
_aBR-BrBNA _bpor _cBiblioteca Nacional de Agricultura |
||
| 041 | _a(Por) | ||
| 072 | _aD10 | ||
| 090 | _ D10 BR2014002015 | ||
| 100 | 1 | _aMedeiros, N.C.D. de | |
| 110 | 1 |
_aUniversidade Federal de Lavras, MG (Brasil) _0Tese (Mestrado) |
|
| 245 | 1 | _aEstrutura de capital e assimetria de informação: um estudo em empresas brasileiras de capital aberto dos setores têxtile de energia elétrica | |
| 260 | 3 |
_aLavras, MG (Brasil): _c2013. |
|
| 300 | _a98 p. | ||
| 500 | _aSummaries (Eng, Por); Bibliography p. 90-98; 7 tables | ||
| 650 | _aADMINISTRAÇÃO | ||
| 650 | _aEMPRESA | ||
| 650 | _aENERGIA ELÉTRICA | ||
| 650 | _aINDÚSTRIA TÊXTIL | ||
| 909 |
_a202309 _bLucia _c55 _dLucia Elande |
||
| 942 | _cBK | ||
| 999 |
_c79805 _d79805 |
||